00980nam a2200217 i 4500001001000000003000900010005001700019007000300036008004100039040003000080082001900110100004700129245022300176264004500399300002700444336002700471337003300498338002800531500015400559700004900713000029720DO-SdBNP20241031102313.0ta110425s1999 dr r 000 0 spa d aDO-SdBNPbspacBNPHUerda axxxxbI37p2221 aIncháustegui, Arístides,d1938-eautor10aPalabras en el acto de puesta en circulación del libro Vida Musical en Santo Domingo :bvida musical en Santo Domingo 1966-1996 /cArístides Incháustegui ; edición al cuidado del Dr. Rafael Bello Peguero, Pbro. aSanto Domingo :bAmigo del Hogar,c1999. a31 páginas ;c20 cm. ardacontentbtexto2txt ardamediabsin mediación2n ardacarrierbvolumen2nc aApéndice obra de Arístides Incháustegui y Blanca Delgado se ocupa de vida musical dominicana durante cuatro últimas décadas María Ugarte.1 aBello Peguero, Rafael,d1932-2022eedición